000
00257nam a2200109Ia 4500
008
200302s9999 xx 000 0 und d
100
_a
Selldorf Architects
245
_a
Portfolio and Projects
260
_b
Phaidon Press Ltd.
260
_c
2016
300
_a
255
999
_c
6063
_d
6063